000 00677ntaaa2200217 4500
003 01
005 20251027202246.0
008 0714s1973 ag 01
040 _aAR-BaBN
_bspa
_cAR-BaBN
_eaacr
_dRIC
082 _a268.4320 H35
100 _aHearn, Florence Conner
_920996
245 _aGuiding preschoolers
250 _a1 ed.
260 _aNashville :
_bConvention Press,
_c1969
300 _a181 p
500 _aMétodos para enseñar y guiar al niño pre-escolar en la iglesia. (Véase guía para maestros - "Teaching guide for guiding pre-schoolers".
650 _aniños
650 _aniños-pre-escolares
_97127
650 _aescuela dominical-niños
942 _cBK
999 _c17385
_d17385